Statistics for Bands By Album #1

Click here to take the quiz!

General Stats

  • This quiz has been taken 41 times
  • The average score is 6 of 10

Answer Stats

Albums Band % Correct
Please Please Me, Sgt. Peppers Lonely Hearts Club BandThe Beatles
95%
Back in Black, T.N.T, Rock or BustAC/DC
93%
Uno, Dos, Tre, American Idiot, 21st Century BreakdownGreen Day
93%
Bleach, Nevermind, In UteroNirvana
93%
St. Anger, Master of Puppets, ...And Justice for AllMetallica
73%
Chinese Democracy, Use Your Illusion, Appetite for DestructionGuns 'n' Roses
66%
Showbiz, Black Holes and Revelations, The 2nd Law, DronesMuse
56%
The Miracle, It's a Kind of Magic, The Game, InnuendoQueen
54%
All Hope is Gone, The Gray ChapterSlipknot
10%
Night Visions, Smoke and MirrorsImagine Dragons
10%

Score Distribution

Percentile by Number Answered

Percent of People with Each Score

Your Score History

You have not taken this quiz